| 000 -LEADER |
| fixed length control field |
01417nam a22002057a 4500 |
| 005 - DATE AND TIME OF LATEST TRANSACTION |
| control field |
20250217142257.0 |
| 008 - FIXED-LENGTH DATA ELEMENTS--GENERAL INFORMATION |
| fixed length control field |
240709b ||||| |||| 00| 0 eng d |
| 040 ## - CATALOGING SOURCE |
| Transcribing agency |
SSBUL |
| 082 ## - DEWEY DECIMAL CLASSIFICATION NUMBER |
| Edition number |
23 |
| Classification number |
၂၉၄.၃၄၃၅ |
| Item number |
ကန် |
| 100 0# - MAIN ENTRY--PERSONAL NAME |
| Personal name |
ကန်ခမ်း၊ စဝ် |
| 9 (RLIN) |
46654 |
| 245 10 - TITLE STATEMENT |
| Title |
ကောင်းမူးလုန်ရွှေဆတ်မင်းစေတီတော်သမိုင်း= The History 0f Kongmu Long/ |
| Statement of responsibility, etc. |
စဝ်ကန်ခမ်း၊ ဘာသာပြန်သူ စဝ်နွယ်ဆားတော်(မိန်းလန်း)။ |
| 260 ## - PUBLICATION, DISTRIBUTION, ETC. |
| Place of publication, distribution, etc. |
ရန်ကုန် ၊ |
| Date of publication, distribution, etc. |
၂၀၂၀။ |
| 300 ## - PHYSICAL DESCRIPTION |
| Extent |
၇၀ စာမျက်နှာ၊ |
| Other physical details |
ပုံများ၊ |
| Dimensions |
၂၁ စင်တီ။ |
| 500 ## - GENERAL NOTE |
| General note |
ကောင်းမူးလုန် ရွှေဆတ်မင်းစေတီတော်သမိုင်း=The History of Kongmu Long <br/>အင်္ဂလိပ်၊ မြန်မာနှစ်ဘာသာဖြင့်ရေးသားထားသည်။ |
| 504 ## - BIBLIOGRAPHY, ETC. NOTE |
| Linkage |
ကျမ်းကိုးစာရင်းပါဝင်သည်။ |
| 600 ## - SUBJECT ADDED ENTRY--PERSONAL NAME |
| Personal name |
ရွှေဆတ်မင်းစေတီ |
| 9 (RLIN) |
46655 |
| 650 ## - SUBJECT ADDED ENTRY--TOPICAL TERM |
| Topical term or geographic name entry element |
စေတီတော် |
| General subdivision |
သမိုင်း |
| 9 (RLIN) |
46656 |
| 700 0# - ADDED ENTRY--PERSONAL NAME |
| Personal name |
နွယ်ဆားတော်၊ စဝ်(မိန်းလန်း) ဘာသာပြန်သူ |
| 9 (RLIN) |
46657 |
| 942 ## - ADDED ENTRY ELEMENTS (KOHA) |
| Source of classification or shelving scheme |
|
| Koha item type |
Books (Long term) |